| 000 | 00785cam a22002531 4500 | ||
|---|---|---|---|
| 001 | 11766 | ||
| 003 | BD-RjUL | ||
| 005 | 20211208235159.0 | ||
| 008 | 140127s1964 nyuab b 000 0 eng | ||
| 035 | _a(BD-RjUL)11815 | ||
| 035 | _a(OCoLC)486505 | ||
| 040 |
_aDLC _cODaWU _dOCoLC _dUk _dDLC _dBD-RjUL _beng |
||
| 041 | _aeng | ||
| 082 | 0 | 0 |
_a910 _bCAM 1964 |
| 100 | 1 |
_aCarter, George Francis, _d1912- _936440 |
|
| 245 | 1 | 0 |
_aMan and the land : _bA cultural geography / _c[by] George F. Carter. |
| 260 |
_aNew York : _bHolt, Rinehart and Winston, _c1964. |
||
| 300 |
_axiv, 496 p. : _billus. (part col.) col. maps. ; _c24 cm. |
||
| 504 | _aBibliography: p. 479-485. | ||
| 650 | 0 |
_aGeography _vTextbooks. _932655 |
|
| 942 |
_2ddc _cBK |
||
| 999 |
_c11766 _d11766 |
||